000 00307nam a22001097a 4500
040 _c571
100 _aKUY SOPHAL; គួយ សុផល
245 _aWeed science; វិទ្យាសាស្រ្តរុក្ខជាតិចង្រៃ
260 _aRUA
_bKUY
_c1994
300 _a47p.
942 _cKB
999 _c9306
_d9306